1658 1706 1791 1394 1743 1489 1373 1524 1087 1464 1223 1985 1026 1900 1545 1840 1810 1631 1133 1560 1288 1124 1941 1722 1456 1921 1469 1288 1673 1288 1327 1420 1673 1736 1076 1683 1345 1026 1455 1313 1935 1591 1139 1899 1066 1029 1314 1529 1500 1793 1562 1943 1283 1191 1717 1651 1739 1054 1120 1689 1139 1580 1167 1440 1375 1245 1710 1843 1155 1732 1538 1524 1624 1154 1532 1932 1561 1124 1621 1396 1799 1932 1828 1501 1808 1856 1614 1623 1959 1982 1620 1161 1424 1910 1852 1039 1947 1157 1746 BCNSPRNW ULIB Ver.6.0+V

เปลี่ยนเป็นภาษาไทย

Change to English
 แสดงรายละเอียดบรรณานุกรม
  กลับหน้าหลัก

Brief Record : Get Marc (ISO 2709) : E-mail record : QR code < ปิดหน้าต่าง
LEADER : 00000nam 2200000uu 4500
001    13399110446
003     ULIB
008    110531s2550||||th 000 0 tha d
020    9789744140036
050  4 T58.64^bช138ก 2550
100 0  ชนวัฒน์ โกญจนาวรรณ
245 10 การจัดการสารสนเทศสำหรับผู้นำองค์กรและผู้บริหาร /^cผู้เขียนชนวัฒน์ โกญจนาวรรณ
250    พิมพ์ครั้งที่ 1
260    กรุงเทพฯ :^bเอ็กซเปอร์เน็ท,^c2550
300    242 หน้า :^bภาพประกอบ ;^c21 ซม.
500    เอกสารตำราหลักประกอบการเรียนการสอนหลักสูตรรัฐประศาสนศาสตรบัณฑิต สาขาการปกครองท้องถิ่น วิชาระบบสารสนเทศเพื่อการบริหาร (Management information systems for administration)
650  7 การจัดการทรัพยากรสารสนเทศ
650  7 ระบบสารสนเทศเพื่อการจัดการ
650  7 เทคโนโลยีสารสนเทศ^xการจัดการ
650  7 การบริหารองค์ความรู้
945    ^p220^l0^i18190
995    เกษร
999    ^aใช้งานได้ทุกระบบ
รายการนี้ยังไม่มีแท็ก
คุณยังไม่ได้ล็อกอิน คุณสามารถมีกิจกรรมร่วมกับเว็บไซต์ได้ แต่ต้องล็อกอินก่อน ::
  ล็อกอิน

รายการสื่อสารสนเทศ

ลำดับที่ ประเภท เลขเรียก/บาร์โค้ด สถานที่ สถานะ
1. วิทยาศาสตร์การแพทย์ และสุขภาพ
วิทยาศาสตร์การแพทย์ และสุขภาพ
T58.64 ช138ก 2550  
  Barcode: 18190
ห้องสมุดวิทยาเขตสวรรค์ประชารักษ์
►นวนิยาย
บนชั้น
  ขอยืม

รายการใกล้เคียง
    ผู้แต่ง [ชนวัฒน์ โกญจนาวรรณ]

    หัวเรื่อง [การจัดการทรัพยากรสารสนเทศ]
    หัวเรื่อง [ระบบสารสนเทศเพื่อการจัดการ]
    หัวเรื่อง [การบริหารองค์ความรู้]

BibComment


ยังไม่เคยถูกคอมเมนท์

คอมเมนท์ทรัพยากรรายการนี้
  คอมเมนท์: การจัดการสารสนเทศ..


 Copyright 2026. Bcnsprnw @Library